[Event "SR 1. liga zapad 2014/2015"]
[Site "?"]
[Date "2015.03.14"]
[Round "10.4"]
[White "Karlik, Lukas"]
[Black "Prasek, Ivan"]
[Result "1/2-1/2"]
[WhiteElo "1940"]
[BlackElo "2042"]
[PlyCount "114"]
[EventDate "2014.??.??"]

1. d4 Nf6 2. g3 g6 3. Bg2 Bg7 4. e4 d6 5. Ne2 O-O 6. O-O Nbd7 7. h3 e5 8. dxe5
dxe5 9. Be3 Qe7 10. Nbc3 Rd8 11. Qc1 c6 12. a4 Nc5 13. b4 Ne6 14. Qb2 Nd4 15.
Rfd1 Ne8 16. Nc1 Nd6 17. Nd3 Nc4 18. Qc1 Nxe3 19. fxe3 Ne6 20. a5 Bd7 21. Na4
Be8 22. Kh2 Rd6 23. Nab2 Rd7 24. Ra3 Rad8 25. Rc3 Nc7 26. Na4 Na6 27. Qb2 Nxb4
28. Rb3 Nxd3 29. cxd3 f6 30. Rb1 Rb8 31. Rc3 Rbd8 32. Nc5 Rc7 33. Nxb7 Rb8 34.
a6 c5 35. Qc2 Bf8 36. d4 Rbc8 37. d5 Qd7 38. Bf1 Qa4 39. Qxa4 Bxa4 40. Bb5 Bxb5
41. Rxb5 Rd7 42. Kg2 Kf7 43. Nxc5 Bxc5 44. Rcxc5 Rxc5 45. Rxc5 Ke7 46. Kf3 Rd6
47. Rc7+ Rd7 48. Rxd7+ Kxd7 49. Ke2 Kd6 50. Kd3 Kc5 51. g4 Kb5 52. Kc3 Kxa6 53.
Kc4 Kb6 54. Kb4 Kc7 55. Kc5 a6 56. Kc4 Kb7 57. Kc5 Kc7 1/2-1/2

[Event "SR 1. liga zapad 2014/2015"]
[Site "?"]
[Date "2015.03.14"]
[Round "10.4"]
[White "Kutny, Marian"]
[Black "Horvath, Marek"]
[Result "1-0"]
[WhiteElo "1938"]
[BlackElo "1817"]
[PlyCount "81"]
[EventDate "2014.??.??"]

1. Nf3 Nf6 2. d4 d5 3. Bf4 g6 4. e3 Bg7 5. c4 c6 6. Nc3 O-O 7. cxd5 Nxd5 8.
Nxd5 cxd5 9. Bd3 Nc6 10. O-O Bg4 11. h3 Bxf3 12. Qxf3 Nb4 13. Qe2 Rc8 14. a3
Nxd3 15. Qxd3 a6 16. Rac1 Qd7 17. Qb3 Rc6 18. Rc5 e6 19. Rfc1 Rfc8 20. Qb6 Bf8
21. Rxc6 Rxc6 22. Rxc6 Qxc6 23. Qd8 f5 24. Bh6 Qd6 25. Qc8 Qe7 26. Bxf8 Qxf8
27. Qxe6+ Qf7 28. Qxf7+ Kxf7 29. f3 h5 30. h4 Kf6 31. Kf2 Ke6 32. Kg3 Ke7 33.
Kf4 Kf6 34. e4 fxe4 35. fxe4 dxe4 36. Kxe4 Ke6 37. d5+ Kd6 38. Kd4 b6 39. b4 a5
40. bxa5 bxa5 41. a4 1-0

[Event "SR 1. liga zapad 2014/2015"]
[Site "?"]
[Date "2015.03.14"]
[Round "10.5"]
[White "Pacher, Milan"]
[Black "Maslik, Miroslav"]
[Result "0-1"]
[WhiteElo "2431"]
[BlackElo "2365"]
[PlyCount "116"]
[EventDate "2014.??.??"]

1. e4 e6 2. d4 d5 3. Nd2 a6 4. Ngf3 c5 5. exd5 exd5 6. Be2 Nf6 7. O-O Be7 8.
dxc5 Bxc5 9. Nb3 Bb6 10. Bg5 O-O 11. c3 Re8 12. Qd3 Nc6 13. Rae1 h6 14. Bh4 g5
15. Bg3 Ne4 16. Nfd4 Qf6 17. Bf3 Nxd4 18. Nxd4 Bxd4 19. cxd4 Bd7 20. Be5 Bb5
21. Qxb5 axb5 22. Bxf6 Nxf6 23. a3 Rxe1 24. Rxe1 Ra4 25. Rd1 Rc4 26. Be2 Rc2
27. Bxb5 Rxb2 28. Bf1 Ra2 29. Rd3 Ne4 30. f3 Nd2 31. g4 b5 32. Bg2 Nc4 33. f4
Rxa3 34. Rxa3 Nxa3 35. fxg5 hxg5 36. Bxd5 Nc2 37. Kf2 Nxd4 38. Ke3 Ne6 39. Bc6
b4 40. Kd3 Kg7 41. Kc4 b3 42. Be4 Kf6 43. Bh7 b2 44. Kc3 Ke5 45. Kxb2 Nd4 46.
Kc3 Nf3 47. h3 Ng1 48. Kd3 Kf4 49. Bg8 f6 50. Be6 Nxh3 51. Ke2 Kg3 52. Ke3 Nf2
53. Bc8 Nxg4+ 54. Ke4 Nh6 55. Kd5 Kf4 56. Ke6 f5 57. Kf6 g4 58. Kg6 g3 0-1

[Event "SR 1. liga zapad 2014/2015"]
[Site "?"]
[Date "2015.03.14"]
[Round "10.5"]
[White "Kijac, Miroslav"]
[Black "Koval, Maros"]
[Result "1/2-1/2"]
[WhiteElo "2145"]
[BlackElo "2098"]
[PlyCount "82"]
[EventDate "2014.??.??"]

1. Nf3 d5 2. d4 c6 3. c4 e6 4. e3 f5 5. Bd3 Nf6 6. O-O Bd6 7. b3 O-O 8. Ba3
Bxa3 9. Nxa3 Ne4 10. Ne5 Nd7 11. f4 Nxe5 12. fxe5 Bd7 13. Nc2 Qg5 14. Qe2 Be8
15. Bxe4 fxe4 16. Rxf8+ Kxf8 17. Qf2+ Kg8 18. Qf4 Qxf4 19. exf4 Rd8 20. Rd1 Kf8
21. Ne3 Ke7 22. Kf2 b6 23. g4 g6 24. Kg3 a5 25. cxd5 cxd5 26. Rc1 Bb5 27. Rc7+
Rd7 28. Rc8 Rd8 29. Rxd8 Kxd8 30. f5 gxf5 31. gxf5 Ke7 32. Kf4 Be2 33. Kg5 h5
34. Kg6 Bg4 35. f6+ Kf8 36. h4 b5 37. f7 b4 38. Kf6 Bh3 39. Kg6 Bg4 40. Kg5
Kxf7 41. Kh6 Bf3 1/2-1/2

[Event "SR 1. liga zapad 2014/2015"]
[Site "?"]
[Date "2015.03.14"]
[Round "10.5"]
[White "Bojda, Lubomir"]
[Black "Pytlik, Pavol"]
[Result "1/2-1/2"]
[WhiteElo "2167"]
[BlackElo "2027"]
[PlyCount "102"]
[EventDate "2014.??.??"]

1. c4 Nf6 2. Nc3 g6 3. g3 Bg7 4. Nf3 d6 5. Bg2 c5 6. O-O e5 7. Rb1 Nc6 8. a3 a5
9. d3 O-O 10. Bd2 Rb8 11. Qc1 b6 12. Bg5 Bb7 13. Nd5 Nd4 14. Nxd4 exd4 15. b4
axb4 16. axb4 Bxd5 17. Bxd5 Qe8 18. Bf3 Nd7 19. Re1 Ne5 20. Bd5 Qd7 21. Kg2 Kh8
22. h3 Nc6 23. b5 Ne7 24. Bf3 f6 25. Bf4 g5 26. Bd2 Ng6 27. Ra1 h6 28. Qa3 f5
29. Qa7 Qd8 30. Qa2 f4 31. Be4 Qf6 32. Rf1 Ne5 33. f3 fxg3 34. f4 gxf4 35. Rxf4
Qe6 36. Raf1 Rxf4 37. Bxf4 Rf8 38. Bxe5 Qxe5 39. Rxf8+ Bxf8 40. Qa7 Be7 41. Qd7
Qf4 42. Qe8+ Qf8 43. Qxf8+ Bxf8 44. Kxg3 Kg7 45. Kf4 Kf6 46. Bf5 Ke7 47. Ke4
Kd8 48. Kd5 Kc7 49. Ke6 Bg7 50. Be4 Be5 51. Kf5 Bg3 1/2-1/2

[Event "SR 1. liga zapad 2014/2015"]
[Site "?"]
[Date "2015.03.14"]
[Round "10.5"]
[White "Riabov, Alexander"]
[Black "Masarik, Drahoslav"]
[Result "1-0"]
[WhiteElo "2072"]
[BlackElo "2022"]
[PlyCount "51"]
[EventDate "2014.??.??"]

1. e4 c5 2. Nf3 Nc6 3. d4 cxd4 4. Nxd4 Nf6 5. Nc3 e5 6. Nxc6 bxc6 7. Bc4 Bb4 8.
Bg5 Qa5 9. Qf3 d5 10. Bxf6 gxf6 11. exd5 Bg4 12. Qxg4 Bxc3+ 13. bxc3 Qxc3+ 14.
Ke2 f5 15. Qh4 Qxc2+ 16. Kf1 Rg8 17. d6 Kf8 18. Qe7+ Kg7 19. Bxf7 Kh8 20. Bxg8
Rxg8 21. Qxe5+ Rg7 22. Qe8+ Rg8 23. d7 Qd3+ 24. Kg1 Qd5 25. g3 f4 26. d8=Q 1-0

[Event "SR 1. liga zapad 2014/2015"]
[Site "?"]
[Date "2015.03.14"]
[Round "10.5"]
[White "Sopko, Rudolf"]
[Black "Chlpik, Martin"]
[Result "0-1"]
[WhiteElo "1839"]
[BlackElo "2072"]
[PlyCount "118"]
[EventDate "2014.??.??"]

1. e4 c5 2. c3 Nc6 3. Bc4 Nf6 4. d3 e6 5. Nf3 d6 6. a4 Be7 7. O-O O-O 8. Bb3 a6
9. Nbd2 Bd7 10. Re1 Qc7 11. Nf1 b5 12. Bd2 Rfb8 13. Qc2 Na5 14. axb5 Nxb3 15.
Qxb3 Rxb5 16. Qc2 Qb7 17. b4 cxb4 18. cxb4 d5 19. Nd4 Rb6 20. e5 Ne8 21. Reb1
Bxb4 22. Be3 a5 23. Nd2 Rc8 24. Qd1 Qa6 25. N4b3 Rbb8 26. d4 Bb5 27. Nc5 Qc6
28. Rc1 Qb6 29. Nb1 Nc7 30. Nc3 Be8 31. N3a4 Qa7 32. h3 Nb5 33. Qd3 Na3 34.
Rxa3 Bb5 35. Qb3 Bc4 36. Qd1 Bxa3 37. Rb1 Rxb1 38. Qxb1 Qb8 39. Qd1 Qb5 40. g4
Rb8 41. Kh2 Qb1 42. Qf3 Qf1 43. Nc3 Bb4 44. Nd7 Rb7 45. Nc5 Rc7 46. N3a4 Be2
47. Qg3 Ba3 48. Qf4 h6 49. g5 h5 50. g6 fxg6 51. Nxe6 Rf7 52. Qg5 Be7 53. Qxg6
Bh4 54. Qg2 Bxf2 55. Qxf1 Bxf1 56. Bxf2 Rxf2+ 57. Kg3 Ra2 58. Nb6 Ra3+ 59. Kf2
Bxh3 0-1

[Event "SR 1. liga zapad 2014/2015"]
[Site "?"]
[Date "2015.03.14"]
[Round "10.5"]
[White "Janco, Darius"]
[Black "Kuric, Michal"]
[Result "1-0"]
[WhiteElo "2054"]
[BlackElo "1772"]
[PlyCount "179"]
[EventDate "2014.??.??"]

1. e4 e6 2. Nc3 d5 3. g3 Nf6 4. Bg2 dxe4 5. Nxe4 Nxe4 6. Bxe4 Bc5 7. Ne2 e5 8.
O-O c6 9. d3 Be6 10. Be3 Bxe3 11. fxe3 Nd7 12. b4 Nf6 13. Bg2 Bg4 14. a4 Nd5
15. Qd2 Bxe2 16. Qxe2 Qd7 17. Rab1 Nc3 18. Qh5 Nxb1 19. Qxe5+ Kf8 20. Rxb1 Qe7
21. Qd4 a6 22. b5 axb5 23. axb5 c5 24. Qf4 Re8 25. b6 h5 26. Qc7 Rh6 27. Bxb7
Qxe3+ 28. Kh1 h4 29. Bd5 Qe7 30. Qxe7+ Kxe7 31. b7 Rb8 32. gxh4 Rxh4 33. Rb5
Kd6 34. c4 Rf4 35. Rb6+ Kc7 36. Rc6+ Kd7 37. Rxc5 Rf1+ 38. Kg2 Rb1 39. Be4
R1xb7 40. Bxb7 Rxb7 41. Rd5+ Ke7 42. h4 Rb6 43. h5 f6 44. Kf3 Re6 45. Kf4 Re1
46. Rb5 Ke6 47. Rb6+ Ke7 48. Rb7+ Kf8 49. Kf5 Re5+ 50. Kg4 Rg5+ 51. Kh4 g6 52.
hxg6 Rxg6 53. d4 f5 54. Rd7 f4 55. Rd5 Rf6 56. Kg5 Rf7 57. Ra5 f3 58. Ra1 f2
59. Rf1 Ke7 60. Kg4 Kd6 61. Kg3 Rc7 62. Kxf2 Rxc4 63. Ke3 Rc3+ 64. Ke4 Rc4 65.
Rf6+ Ke7 66. Ra6 Kd7 67. Kd5 Rc1 68. Ra7+ Kc8 69. Kd6 Rd1 70. d5 Rd2 71. Rc7+
Kd8 72. Rh7 Ke8 73. Rh8+ Kf7 74. Rh5 Ke8 75. Rh6 Rd1 76. Re6+ Kd8 77. Re5 Rd2
78. Re3 Rd1 79. Rg3 Ke8 80. Rg8+ Kf7 81. Rc8 Kf6 82. Rf8+ Kg7 83. Rf3 Ra1 84.
Ke6 Re1+ 85. Kd7 Ra1 86. d6 Ra7+ 87. Ke6 Ra6 88. Ke7 Ra7+ 89. d7 Kg6 90. Ke8
1-0

[Event "SR 1. liga zapad 2014/2015"]
[Site "?"]
[Date "2015.03.14"]
[Round "10.6"]
[White "Ondrus, Martin"]
[Black "Hanko, Pavol"]
[Result "1-0"]
[WhiteElo "2320"]
[BlackElo "2133"]
[PlyCount "57"]
[EventDate "2014.??.??"]

1. e4 c5 2. Nf3 e6 3. d4 cxd4 4. Nxd4 Nf6 5. Nc3 d6 6. Be3 Nc6 7. f3 a6 8. Qd2
Qc7 9. O-O-O Be7 10. g4 b5 11. Nxc6 Qxc6 12. Ne2 Bb7 13. Nd4 Qc7 14. h4 d5 15.
e5 Nd7 16. f4 Bc5 17. Qf2 Rc8 18. Kb1 b4 19. Bd3 Bxd4 20. Bxd4 Nc5 21. f5 Ne4
22. Qe3 Qa5 23. Rhf1 Bc6 24. fxe6 fxe6 25. Bb6 d4 26. Qxd4 Qd5 27. Qxb4 Qxe5
28. Rfe1 a5 29. Bxa5 1-0

[Event "SR 1. liga zapad 2014/2015"]
[Site "?"]
[Date "2015.03.14"]
[Round "10.6"]
[White "Detko, Jan"]
[Black "Chovan, Milan"]
[Result "0-1"]
[WhiteElo "2165"]
[BlackElo "2093"]
[PlyCount "68"]
[EventDate "2014.??.??"]

1. e4 c5 2. Nc3 d6 3. f4 g6 4. Nf3 Bg7 5. Bb5+ Bd7 6. Bc4 Nc6 7. d3 e6 8. O-O
Nge7 9. Qe1 O-O 10. Qh4 Nd4 11. Nxd4 cxd4 12. Nb5 d5 13. f5 gxf5 14. Qg3 dxc4
15. Bh6 Ng6 16. Bxg7 Kxg7 17. exf5 exf5 18. dxc4 Bxb5 19. cxb5 Qh4 20. Qxh4
Nxh4 21. Rad1 Rfd8 22. Rf4 d3 23. cxd3 Ng6 24. Rxf5 Rac8 25. Rd2 Rd4 26. Kf2
Rcd8 27. Ke3 b6 28. Rf3 R8d5 29. b3 Rb4 30. d4 Rbxb5 31. Rdf2 Rd7 32. Ke4 Rg5
33. Rf5 Rg4+ 34. Ke3 Nh4 0-1

[Event "SR 1. liga zapad 2014/2015"]
[Site "?"]
[Date "2015.03.14"]
[Round "10.6"]
[White "Mokos, Jozef"]
[Black "Gunis, Juraj"]
[Result "1/2-1/2"]
[WhiteElo "2256"]
[BlackElo "2034"]
[PlyCount "130"]
[EventDate "2014.??.??"]

1. d4 Nf6 2. c4 g6 3. Nc3 Bg7 4. e4 d6 5. Nf3 O-O 6. Be2 e5 7. Be3 Ng4 8. Bg5
f6 9. Bh4 Nc6 10. d5 Ne7 11. Nd2 f5 12. Bxg4 fxg4 13. O-O Bf6 14. Bxf6 Rxf6 15.
Qe2 a6 16. Qe3 Qf8 17. c5 Bd7 18. cxd6 cxd6 19. Nc4 Rd8 20. Rac1 Nc8 21. Na5 b5
22. Nb1 Re8 23. Nd2 Re7 24. f3 Ref7 25. fxg4 Rxf1+ 26. Nxf1 Bxg4 27. Nd2 Qd8
28. Nc6 Qb6 29. Qxb6 Nxb6 30. Na5 Bd7 31. Nb7 Nc8 32. Nb3 Kf8 33. Rc7 Bg4 34.
Rxf7+ Kxf7 35. Nd8+ Ke8 36. Nc6 Bd1 37. Kf2 Bxb3 38. axb3 Ne7 39. Nb4 a5 40.
Na2 b4 41. Ke3 Nc8 42. Kd3 Nb6 43. Nc1 Kd7 44. Ne2 Kc7 45. g4 Kb7 46. g5 Ka6
47. Ng3 Kb5 48. Nf1 Nd7 49. Nd2 Nc5+ 50. Kc2 Ka6 51. Kc1 Kb7 52. Kc2 Ka7 53.
Kc1 Kb8 54. Kc2 Kc7 55. Kc1 Kd7 56. Kc2 Kc7 57. Kc1 Nd3+ 58. Kd1 Nc5 59. Kc2
Kb7 60. Kc1 Kb6 61. Kc2 Kb5 62. Kc1 a4 63. bxa4+ Kxa4 64. Kc2 Kb5 65. b3 Nb7
1/2-1/2

[Event "SR 1. liga zapad 2014/2015"]
[Site "?"]
[Date "2015.03.14"]
[Round "10.6"]
[White "Reisel, Frantisek"]
[Black "Debnar, Lubos"]
[Result "0-1"]
[WhiteElo "1992"]
[BlackElo "2269"]
[PlyCount "106"]
[EventDate "2014.??.??"]

1. d4 Nf6 2. c4 e6 3. Nf3 b6 4. a3 Bb7 5. Nc3 d5 6. cxd5 Nxd5 7. Bd2 Be7 8. e3
O-O 9. Be2 Nd7 10. O-O N7f6 11. Rc1 c5 12. dxc5 Bxc5 13. b4 Be7 14. Qb3 Qb8 15.
h3 Rd8 16. Rfd1 a6 17. Nd4 b5 18. Be1 Qa7 19. Bf3 Rac8 20. Nce2 Bf8 21. Rxc8
Rxc8 22. Rc1 Rxc1 23. Nxc1 Qb6 24. Qc2 g6 25. Ncb3 e5 26. Bxd5 Nxd5 27. Ne2 Be7
28. Bd2 Nf6 29. Na5 Be4 30. Qc1 Qd6 31. Ng3 Bd5 32. Qc8+ Bd8 33. Bc3 Qc7 34.
Qxc7 Bxc7 35. f3 Nd7 36. Kf2 f6 37. Ne2 Bb6 38. Nc1 Kf7 39. Ke2 f5 40. Kd2 Ke6
41. Ne2 h5 42. Bb2 g5 43. Nc3 Nf6 44. Ke2 e4 45. Nd1 exf3+ 46. gxf3 g4 47. hxg4
fxg4 48. fxg4 Nxg4 49. Bd4 Bxd4 50. exd4 h4 51. Nc3 h3 52. Nxd5 h2 53. Nf4+ Kd7
0-1

[Event "SR 1. liga zapad 2014/2015"]
[Site "?"]
[Date "2015.03.14"]
[Round "10.6"]
[White "Kalisky, Vladimir"]
[Black "Mikus, Teodor"]
[Result "1-0"]
[WhiteElo "2268"]
[BlackElo "1895"]
[PlyCount "43"]
[EventDate "2014.??.??"]

1. e4 c5 2. Nf3 Nc6 3. d4 cxd4 4. Nxd4 d6 5. Nc3 Nf6 6. Be3 Ng4 7. Bg5 Bd7 8.
Be2 Nf6 9. O-O a6 10. Kh1 e6 11. f4 Be7 12. Bf3 O-O 13. Qd2 Ne8 14. Bxe7 Qxe7
15. Rad1 Nxd4 16. Qxd4 Bc6 17. e5 Bxf3 18. Rxf3 d5 19. f5 Rc8 20. f6 Qc5 21.
Qh4 g6 22. Qh6 1-0

[Event "SR 1. liga zapad 2014/2015"]
[Site "?"]
[Date "2015.03.14"]
[Round "10.6"]
[White "Gorusa, Miroslav"]
[Black "Hoppan, Igor"]
[Result "1-0"]
[WhiteElo "2172"]
[BlackElo "1628"]
[PlyCount "47"]
[EventDate "2014.??.??"]

1. d4 Nf6 2. c4 d6 3. Nc3 g6 4. Bf4 Bg7 5. e3 O-O 6. Be2 c6 7. h3 d5 8. Nf3 Bf5
9. O-O Nbd7 10. Rc1 Rc8 11. b4 Qb6 12. Qb3 Be4 13. Nxe4 Nxe4 14. cxd5 cxd5 15.
Qxd5 Nc3 16. Rxc3 Rxc3 17. Qxd7 Qxb4 18. Bd1 Ra3 19. Bb3 Ra6 20. Rc1 b5 21. Rc7
e6 22. Ng5 Bf6 23. Nxf7 Be7 24. Nh6+ 1-0

[Event "SR 1. liga zapad 2014/2015"]
[Site "?"]
[Date "2015.03.15"]
[Round "11.1"]
[White "Kukel, Imre"]
[Black "Cajka, Tibor"]
[Result "1-0"]
[WhiteElo "2279"]
[BlackElo "2166"]
[PlyCount "69"]
[EventDate "2014.??.??"]

1. e4 c6 2. d4 g6 3. h3 d5 4. Nc3 Bg7 5. Nf3 Nf6 6. e5 Ne4 7. Nxe4 dxe4 8. Ng5
c5 9. d5 Bxe5 10. Nxe4 O-O 11. Be2 b6 12. O-O Bb7 13. c4 e6 14. Bg5 f6 15. Bh6
Re8 16. Bf3 exd5 17. cxd5 Bxb2 18. Qb3 Bxa1 19. d6+ Kh8 20. Qf7 Rg8 21. Qxb7
Nd7 22. Rxa1 Ne5 23. Be2 Qd7 24. Qxd7 Nxd7 25. Bb5 Rgd8 26. Rd1 Ne5 27. Nxf6 a6
28. Be2 b5 29. Bf4 Nf7 30. Rd5 c4 31. Rc5 Rac8 32. Rc7 Kg7 33. Ne4 Kf8 34. Bg4
Kg8 35. Be6 1-0

[Event "SR 1. liga zapad 2014/2015"]
[Site "?"]
[Date "2015.03.15"]
[Round "11.1"]
[White "Jozefek, Michal"]
[Black "Szegi, Tamas"]
[Result "1/2-1/2"]
[WhiteElo "2064"]
[BlackElo "2186"]
[PlyCount "136"]
[EventDate "2014.??.??"]

1. d4 Nf6 2. c4 g6 3. Nc3 Bg7 4. e4 d6 5. Be2 O-O 6. Nf3 Nc6 7. d5 Nb8 8. Bg5
Nbd7 9. Nd2 c6 10. O-O e5 11. b4 a5 12. a3 h6 13. Bh4 g5 14. Bg3 axb4 15. axb4
Rxa1 16. Qxa1 h5 17. f3 cxd5 18. cxd5 h4 19. Bf2 Nh5 20. Nc4 Qe7 21. Qa5 Ndf6
22. Qb6 Ne8 23. Ra1 Nf4 24. Bd1 f5 25. Ra8 Qd7 26. Ba4 Qc7 27. Qxc7 Nxc7 28.
Ra7 fxe4 29. fxe4 h3 30. Nxd6 hxg2 31. Nxc8 Rxc8 32. Bd7 Rd8 33. Bg4 Ne8 34.
Be3 Nf6 35. Bf5 Bf8 36. Rxb7 Ra8 37. Bxf4 exf4 38. Kxg2 Ra3 39. e5 f3+ 40. Kf2
Rxc3 41. exf6 Bd6 42. Be6+ Kh8 43. Rb6 Be5 44. Rc6 Bd4+ 45. Kg3 f2+ 46. Kg2 Rf3
47. Kf1 Rxf6 48. Rc4 Rf4 49. d6 Re4 50. Rxd4 Rxd4 51. d7 Kg7 52. b5 Kf6 53. b6
Ke7 54. b7 Rb4 55. Kxf2 Rxb7 56. Kg3 Rb4 57. Bg4 Rd4 58. h3 Kf6 59. Kf3 Ke5 60.
Ke3 Rd6 61. Kf3 Rf6+ 62. Ke3 Rd6 63. Kf3 Rf6+ 64. Ke3 Rf8 65. Kd3 Rb8 66. Kc4
Kd6 67. Kd4 Rf8 68. Ke4 Rf4+ 1/2-1/2

[Event "SR 1. liga zapad 2014/2015"]
[Site "?"]
[Date "2015.03.15"]
[Round "11.1"]
[White "Karas, Marek"]
[Black "Voros, Gellert"]
[Result "1-0"]
[WhiteElo "2170"]
[BlackElo "2069"]
[PlyCount "117"]
[EventDate "2014.??.??"]

1. d4 d5 2. c4 c6 3. Nf3 Nf6 4. Nc3 e6 5. e3 Nbd7 6. Qc2 Bd6 7. Bd3 O-O 8. O-O
dxc4 9. Bxc4 e5 10. dxe5 Nxe5 11. Nxe5 Bxe5 12. f4 Bc7 13. Kh1 Ng4 14. g3 b5
15. Be2 Bb6 16. Bf3 Nxe3 17. Bxe3 Bxe3 18. Bxc6 Ba6 19. Qe4 Rc8 20. Rfd1 Qa5
21. Nd5 Rxc6 22. Ne7+ Kh8 23. Nxc6 Qb6 24. Rd8 Rxd8 25. Nxd8 Qxd8 26. Qxe3 Bb7+
27. Kg1 h6 28. Kf2 Qd5 29. Rg1 Qh5 30. h4 Qf5 31. Rd1 Qc2+ 32. Rd2 Qc6 33. Re2
Kh7 34. Qd3+ g6 35. a3 Qc5+ 36. Qe3 Qd5 37. Ke1 a5 38. Qc3 Qh1+ 39. Kd2 Bf3 40.
Qf6 Bxe2 41. Qxf7+ Kh8 42. Qe8+ Kg7 43. Qxe2 Qd5+ 44. Qd3 Qg2+ 45. Kc1 b4 46.
Kb1 Qg1+ 47. Ka2 Qc5 48. axb4 axb4 49. Kb3 Qf2 50. Kxb4 Qxb2+ 51. Kc4 Qa2+ 52.
Kd4 Kf6 53. Qc3 Kf5 54. Qc8+ Qe6 55. Qxe6+ Kxe6 56. g4 h5 57. gxh5 gxh5 58. Ke4
Kf6 59. f5 1-0

[Event "SR 1. liga zapad 2014/2015"]
[Site "?"]
[Date "2015.03.15"]
[Round "11.1"]
[White "Molnar, Erno"]
[Black "Danada, Tomas"]
[Result "1/2-1/2"]
[WhiteElo "2027"]
[BlackElo "2118"]
[PlyCount "30"]
[EventDate "2014.??.??"]

1. e4 c5 2. Nf3 Nc6 3. d4 cxd4 4. Nxd4 Nf6 5. Nc3 e6 6. Ndb5 Bc5 7. Nd6+ Ke7 8.
Bf4 e5 9. Nf5+ Kf8 10. Be3 Bb4 11. Nd6 Qe7 12. Nf5 Qe6 13. Bd3 d5 14. exd5 Nxd5
15. O-O Bxc3 1/2-1/2

[Event "SR 1. liga zapad 2014/2015"]
[Site "?"]
[Date "2015.03.15"]
[Round "11.1"]
[White "Spacek, Oliver"]
[Black "Jakab, Bela"]
[Result "1-0"]
[WhiteElo "2011"]
[BlackElo "1897"]
[PlyCount "49"]
[EventDate "2014.??.??"]

1. c4 e5 2. Nc3 f5 3. e4 d6 4. exf5 Bxf5 5. Nge2 Nf6 6. d4 Be7 7. Ng3 Bg6 8.
Bd3 Bxd3 9. Qxd3 O-O 10. d5 g6 11. h4 Ng4 12. f3 Nf6 13. h5 Nxh5 14. Nxh5 gxh5
15. Rxh5 Rf7 16. Be3 Nd7 17. O-O-O Nf8 18. Rdh1 Qd7 19. Ne4 Ng6 20. Ng3 Raf8
21. Qxg6+ hxg6 22. Rh8+ Kg7 23. R1h7+ Kf6 24. Ne4+ Kf5 25. g4# 1-0

[Event "SR 1. liga zapad 2014/2015"]
[Site "?"]
[Date "2015.03.15"]
[Round "11.1"]
[White "Joba, Arpad"]
[Black "Pericka, Tomas"]
[Result "1/2-1/2"]
[WhiteElo "1887"]
[BlackElo "2010"]
[PlyCount "71"]
[EventDate "2014.??.??"]

1. e4 c5 2. Nf3 Nc6 3. d4 cxd4 4. Nxd4 g6 5. c4 Bg7 6. Be3 Nf6 7. Nc3 Ng4 8.
Qxg4 Nxd4 9. Qd1 e5 10. h4 h5 11. Qd2 d6 12. Bd3 Be6 13. Rc1 a6 14. b3 Qa5 15.
Bxd4 exd4 16. Ne2 Qxd2+ 17. Kxd2 Bh6+ 18. f4 Bg4 19. g3 Bg7 20. Ng1 O-O 21. Be2
Bd7 22. Bf3 b5 23. Kd3 bxc4+ 24. bxc4 Rab8 25. Rh2 Rfe8 26. Rcc2 d5 27. cxd5
Bb5+ 28. Kd2 d3 29. Rc7 Bd4 30. Nh3 Rec8 31. Rxc8+ Rxc8 32. Bd1 Bc3+ 33. Ke3
Ba5 34. a4 Bb6+ 35. Kd2 Ba5+ 36. Ke3 1/2-1/2

[Event "SR 1. liga zapad 2014/2015"]
[Site "?"]
[Date "2015.03.15"]
[Round "11.2"]
[White "Sipos, Istvan"]
[Black "Lanc, Alois"]
[Result "1-0"]
[WhiteElo "2491"]
[BlackElo "2344"]
[PlyCount "49"]
[EventDate "2014.??.??"]

1. c4 g6 2. Nc3 Bg7 3. g3 e5 4. Nf3 Nc6 5. Bg2 d6 6. Rb1 f5 7. d3 Nf6 8. O-O h6
9. b4 g5 10. b5 Ne7 11. c5 Ng6 12. cxd6 cxd6 13. Ba3 g4 14. Nd2 h5 15. Qb3 h4
16. Nd5 hxg3 17. hxg3 Bf8 18. Rfc1 Nxd5 19. Qxd5 Rh6 20. Nc4 Nh8 21. Nxe5 dxe5
22. Qxd8+ Kxd8 23. Bxf8 Rh7 24. Bd6 Ng6 25. Rc5 1-0

[Event "SR 1. liga zapad 2014/2015"]
[Site "?"]
[Date "2015.03.15"]
[Round "11.2"]
[White "Vass, Frantisek"]
[Black "Berczes, Csaba"]
[Result "1-0"]
[WhiteElo "2280"]
[BlackElo "2357"]
[PlyCount "81"]
[EventDate "2014.??.??"]

1. d4 e6 2. Nf3 Nf6 3. g3 b6 4. Bg2 Bb7 5. O-O c5 6. c3 Be7 7. Nbd2 O-O 8. Re1
Nc6 9. e4 cxd4 10. Nxd4 Nxd4 11. cxd4 Rc8 12. Nf1 Qc7 13. f3 d5 14. e5 Nd7 15.
Ne3 b5 16. f4 g6 17. Bh3 Nb8 18. f5 exf5 19. Nxf5 gxf5 20. Bxf5 f6 21. Bh6 Bb4
22. Qg4+ Kh8 23. exf6 Rg8 24. Bg7+ Rxg7 25. fxg7+ Qxg7 26. Bxc8 Bxe1 27. Qxg7+
Kxg7 28. Bxb7 Ba5 29. Bxd5 Bb6 30. Rd1 Kf6 31. Kg2 Ke7 32. Bg8 h6 33. d5 Nd7
34. Re1+ Kd8 35. Re6 Nc5 36. Rxh6 Nd3 37. Be6 Kc7 38. d6+ Kc6 39. d7 Nxb2 40.
Bf5+ Kc7 41. Rh8 1-0

[Event "SR 1. liga zapad 2014/2015"]
[Site "?"]
[Date "2015.03.15"]
[Round "11.2"]
[White "Farkas, Gabor"]
[Black "Lukac, Roman"]
[Result "0-1"]
[WhiteElo "2346"]
[BlackElo "2092"]
[PlyCount "142"]
[EventDate "2014.??.??"]

1. e4 e5 2. Nf3 Nc6 3. Bb5 a6 4. Bxc6 dxc6 5. O-O f6 6. d4 exd4 7. Nxd4 c5 8.
Ne2 Qxd1 9. Rxd1 Bd7 10. Bf4 O-O-O 11. Nbc3 Ne7 12. Bg3 g5 13. h4 Bg7 14. f3 h6
15. Bf2 b6 16. hxg5 fxg5 17. Rd2 Be6 18. Rad1 Rxd2 19. Rxd2 Rd8 20. Rxd8+ Kxd8
21. b3 Nc6 22. g3 Nb4 23. f4 Bg4 24. e5 Kd7 25. Kg2 Nxc2 26. Ng1 Nd4 27. Nd5
Be6 28. Ne3 Nf5 29. Kf3 Nxe3 30. Bxe3 gxf4 31. gxf4 Bf5 32. Ne2 Bf8 33. Bf2 Be7
34. Be1 Ke6 35. b4 Kd5 36. Ng3 Ke6 37. a3 cxb4 38. axb4 Bf8 39. Nh5 c5 40. bxc5
bxc5 41. Bd2 Bc2 42. Nf6 Kf5 43. Nd7 Be7 44. Nb6 Bb3 45. Kg3 h5 46. Nc8 Bf8 47.
Kh4 Bd1 48. Kg3 Bg4 49. Nb6 Be7 50. Nd5 h4+ 51. Kf2 Bd8 52. Kg2 Ke6 53. Ne3 Bf5
54. Kf3 a5 55. Nc4 a4 56. Be3 Be7 57. Bc1 Bd3 58. Nb6 c4 59. Nxa4 Kf5 60. Kg2
Kg4 61. Nc3 h3+ 62. Kh2 Bh4 63. e6 Bf5 64. e7 Bxe7 65. Nd5 Bc5 66. Be3 Bd6 67.
Bd2 Kf3 68. Bc1 Be6 69. Nb6 c3 70. Nd5 c2 71. Bd2 Bxd5 0-1

[Event "SR 1. liga zapad 2014/2015"]
[Site "?"]
[Date "2015.03.15"]
[Round "11.2"]
[White "Miklas, Marian"]
[Black "Janko, Michal"]
[Result "0-1"]
[WhiteElo "2112"]
[BlackElo "2280"]
[PlyCount "70"]
[EventDate "2014.??.??"]

1. Nf3 f5 2. d3 Nf6 3. e4 e6 4. e5 Nd5 5. c4 Ne7 6. d4 d6 7. exd6 cxd6 8. Nc3
Ng6 9. Be2 Be7 10. O-O O-O 11. Re1 Na6 12. a3 Nc7 13. b4 e5 14. dxe5 dxe5 15.
Nd5 Nxd5 16. cxd5 e4 17. Bc4 Kh8 18. Nd4 Bd6 19. Qb3 Be5 20. Bb2 Qg5 21. Bf1
Rf6 22. Nf3 exf3 23. Bxe5 fxg2 24. Bxg2 Nxe5 25. Rxe5 Bd7 26. Rae1 Rg6 27. Qf3
h6 28. Re7 Bb5 29. Rxb7 Bd3 30. Rbe7 Be4 31. R7xe4 fxe4 32. Qxe4 Rf8 33. Kh1
Rxf2 34. Qe8+ Kh7 35. Be4 Rxh2+ 0-1

[Event "SR 1. liga zapad 2014/2015"]
[Site "?"]
[Date "2015.03.15"]
[Round "11.2"]
[White "Janko, Ladislav"]
[Black "Kavon, Rastislav"]
[Result "1-0"]
[WhiteElo "2169"]
[BlackElo "2153"]
[PlyCount "69"]
[EventDate "2014.??.??"]

1. e4 c5 2. Nf3 d6 3. c3 Nf6 4. h3 Nc6 5. Bd3 g6 6. Bc2 Bg7 7. O-O O-O 8. Qe2
a6 9. a4 Nd7 10. Rd1 Rb8 11. Na3 Qc7 12. d4 b6 13. Rb1 e5 14. dxc5 dxc5 15. b4
Nd8 16. b5 a5 17. Nc4 Ne6 18. Qd3 Rd8 19. Bg5 Nxg5 20. Nxg5 Bf6 21. Nf3 Nf8 22.
Qe2 Bb7 23. Nh2 Ne6 24. Ng4 Bg7 25. Rxd8+ Rxd8 26. Rd1 h5 27. Rxd8+ Nxd8 28.
Nge3 Kf8 29. Qd3 Ke7 30. Nd5+ Bxd5 31. Qxd5 Bf6 32. Qa8 Kd7 33. Qa6 Nb7 34.
Nxb6+ Ke8 35. Nd5 1-0

[Event "SR 1. liga zapad 2014/2015"]
[Site "?"]
[Date "2015.03.15"]
[Round "11.2"]
[White "Arendas, Marek"]
[Black "Takacs, Laszlo"]
[Result "1-0"]
[WhiteElo "2104"]
[BlackElo "2110"]
[PlyCount "81"]
[EventDate "2014.??.??"]

1. e4 c5 2. c3 Nf6 3. e5 Nd5 4. Nf3 e6 5. d4 cxd4 6. cxd4 b6 7. Nc3 Nxc3 8.
bxc3 Qc7 9. Bb2 Bb7 10. Bd3 d6 11. O-O Nd7 12. exd6 Bxd6 13. Rc1 g5 14. d5
O-O-O 15. c4 Nc5 16. Bb1 g4 17. Nd4 Bxh2+ 18. Kh1 Qf4 19. Rc3 Rhg8 20. Bc1 Qe5
21. Re1 Qf6 22. Kxh2 exd5 23. Bf5+ Kb8 24. Bf4+ Ka8 25. Be5 Qh4+ 26. Kg1 dxc4
27. Bg3 Qf6 28. Rxc4 Rd5 29. Be4 Nxe4 30. Rxe4 Rgd8 31. Rf4 Qe7 32. Qxg4 b5 33.
Rc1 h5 34. Qe2 Qd7 35. Nb3 Qd6 36. Rxf7 Qb6 37. Rcc7 h4 38. Bf4 Rb8 39. Rce7 h3
40. Bxb8 Qc6 41. Rg7 1-0